000 00606nam a22001817a 4500
003 LC
005 20151202113706.0
008 151202b xxu||||| |||| 00| 0 eng d
020 _a9781910160008
050 _aBD 161 .M531 2015
100 _aMelvin, Antonia
245 _aTheory of knowledge :
_bIB diploma programme
_cAntonia Melvin, Tim Sprod
250 _a2nd edition
_bfor assessment 2015 onwards
260 _aUnited Kingdom :
_bInternational Baccalaureate Organization
_c2015
300 _a154 pages.,
_bcol.,ill.,
_c28 cm.
440 _aApproach your assessment the IB way
942 _2lcc
_cBK
999 _c289000
_d289000